00567nam a2200157 a 450000100100000000500170001000800410002704000250006808200150009324500420010826000930015030000270024304900090027095201130027999900170039200003030220200930060220.0110509s1985 dr a 000 0 spa d aDO-SdBNPbspacBNPHU axxxbN897c00aNosotras y el cambio en la comunidad. aSanto Domingo :bCentro de Solidaridad para el Desarrollo de la Mujer (CE-MUJER),c1985. a36 p. :bil. ;c29 cm. aBNPD 0010718PDaPDbPDcCTd2011-05-09iLF1l0oxxx N897cp30302-10r2020-06-25w2020-06-25yLFPDZNo se presta c29794d29794